[Event "15th Mikhail Chigorin Memorial"]
[Site "Sochi URS"]
[Date "1981.09.??"]
[Round "12"]
[Board "2"]
[White "Stefanov, Parik"]
[Black "Vaisser, Anatoly"]
[Result "0-1"]
[WhiteElo "2420"]
[BlackElo "2385"]
[EventDate "1981.08.22"]
[PlyCount "92"]

1.c4 Nf6 2.Nc3 c5 3.Nf3 b6 4.e4 d6 5.d4 cxd4 6.Nxd4 Bb7 7.f3 e6 8.Be3 a6 
9.Be2 Nbd7 10.Qd2 Be7 11.O-O O-O 12.Rfd1 Re8 13.Rac1 Qc7 14.Bf1 Rad8 15.b4
Qb8 16.Nb3 d5 17.cxd5 exd5 18.Nxd5 Nxd5 19.exd5 Bd6 20.h3 Nf6 21.Bg5 Bh2+ 
22.Kh1 Rxd5 23.Bd3 Nh5 24.Bh4 Bf4 25.Qc2 Bxc1 26.Nxc1 Ng3+ 27.Kg1 Qf4 28.
Bxg3 Qxg3 29.Ne2 Qg5 30.Nc3 Rc8 31.f4 Qg3 32.Nxd5 Rxc2 33.Bxc2 g6 34.Bb3 
Kg7 35.Rf1 Qd3 36.Rd1 Qe4 37.f5 Qxf5 38.Nxb6 Qe4 39.Nd5 f5 40.Kf2 g5 41.
Ne3 f4 42.Rd7+ Kf8 43.Nd5 Qd4+ 44.Kf1 Bc6 45.Rd8+ Kg7 46.Nc7 Bb5+ 0-1

[Event "15th Mikhail Chigorin Memorial"]
[Site "Sochi URS"]
[Date "1981.09.??"]
[Round "12"]
[Board "5"]
[White "Panchenko, Alexander"]
[Black "Espig, Lutz"]
[Result "1-0"]
[WhiteElo "2530"]
[BlackElo "2485"]
[EventDate "1981.08.22"]
[PlyCount "91"]

1.e4 c5 2.Nf3 e6 3.d4 cxd4 4.Nxd4 Nf6 5.Nc3 d6 6.Be2 Be7 7.O-O O-O 8.f4 
Nc6 9.Be3 Bd7 10.Nb3 a6 11.a4 Na5 12.e5 Ne8 13.Qe1 Nxb3 14.cxb3 dxe5 15.
fxe5 Qc7 16.Qg3 Bc5 17.Rac1 Qb6 18.Nd5 Bxe3+ 19.Qxe3 Qxe3+ 20.Nxe3 Bc6 21.
Nc4 f6 22.Rfd1 Rb8 23.Nb6 Nc7 24.Nd7 Bxd7 25.Rxd7 Nd5 26.Bc4 Rfc8 27.Re1 
fxe5 28.Rxe5 Nf6 29.Rxb7 Rxb7 30.Bxe6+ Kf8 31.Bxc8 Rxb3 32.Bxa6 Rxb2 33.h3
Nd7 34.Re2 Rb1+ 35.Kh2 Ra1 36.Bb5 Nc5 37.Re8+ Kf7 38.Ra8 Kf6 39.a5 h5 40.
a6 h4 41.Rc8 Ne6 42.Bc4 Nd4 43.Bd3 g6 44.Rc4 Nf5 45.Rb4 Ra3 46.Bb5 1-0

[Event "15th Mikhail Chigorin Memorial"]
[Site "Sochi URS"]
[Date "1981.09.??"]
[Round "12"]
[Board "7"]
[White "Tseshkovsky, Vitaly"]
[Black "Dvoirys, Semen"]
[Result "1-0"]
[WhiteElo "2575"]
[BlackElo "2450"]
[EventDate "1981.08.22"]
[PlyCount "155"]

1.e4 c5 2.Nf3 d6 3.d4 cxd4 4.Nxd4 Nf6 5.Nc3 a6 6.Be3 e6 7.g4 b5 8.g5 b4 9.
gxf6 bxc3 10.fxg7 Bxg7 11.b3 Nd7 12.Rg1 Bf6 13.Qh5 Nc5 14.Bg2 Bb7 15.e5 
Bxg2 16.exf6 Bd5 17.Rd1 Qxf6 18.Nf5 O-O-O 19.Qg5 Qxg5 20.Bxg5 Bf3 21.Rxd6 
exf5 22.Rxd8+ Rxd8 23.Bxd8 Kxd8 24.Rg3 Bb7 25.Rxc3 Ne6 26.Rh3 Nf8 27.Rh6 
Bc8 28.Kd2 Ke7 29.c4 f4 30.Rc6 Kd8 31.Rf6 Be6 32.Rxf4 Ng6 33.Re4 Kd7 34.
Kc3 a5 35.a3 h5 36.b4 axb4+ 37.axb4 h4 38.b5 h3 39.c5 Kc7 40.Kb4 Ne7 41.
Ka5 Kb7 42.c6+ Kc7 43.b6+ Kxc6 44.Ka6 Kc5 45.Re5+ Kd6 46.b7 Kc7 47.Rc5+ 
Kb8 48.Rh5 Kc7 49.Ka7 Nc6+ 50.Ka8 Bd7 51.Rh8 Kd6 52.b8=Q+ Nxb8 53.Kxb8 Bg4
54.Rg8 Be6 55.Rg5 f6 56.Ra5 Bd5 57.Kc8 Ke5 58.Kd7 f5 59.Ke7 f4 60.Ra3 Bg2 
61.Kf7 Kf5 62.Rc3 Kg4 63.Ke6 Bh1 64.Ke5 Bb7 65.Rc4 Kf3 66.Rxf4+ Kg2 67.Rb4
Bc6 68.Rb2 Kf3 69.Kf5 Bd7+ 70.Kg5 Be6 71.Kh4 Bc8 72.Rb8 Bd7 73.Rf8+ Kg2 
74.f4 Kxh2 75.Rd8 Bf5 76.Rd2+ Kg1 77.Kg3 Kf1 78.Rh2 1-0

[Event "15th Mikhail Chigorin Memorial"]
[Site "Sochi URS"]
[Date "1981.09.08"]
[Round "13"]
[Board "1"]
[White "Vaisser, Anatoly"]
[Black "Pribyl, Josef"]
[Result "1-0"]
[WhiteElo "2385"]
[BlackElo "2440"]
[EventDate "1981.08.22"]
[PlyCount "79"]

1.d4 Nf6 2.c4 g6 3.Nc3 d5 4.cxd5 Nxd5 5.e4 Nxc3 6.bxc3 Bg7 7.Nf3 O-O 8.Be3
b6 9.h4 c5 10.h5 cxd4 11.cxd4 Nc6 12.Rc1 Bb7 13.hxg6 hxg6 14.e5 Rc8 15.Ng5
Qd5 16.Rh4 Nb4 17.a3 Na2 18.Ra1 f6 19.Nh7 Rf7 20.Qb1 g5 21.Rh3 Nc3 22.Qg6 
Ne4 23.Bd3 fxe5 24.Bxe4 Qxe4 25.Qxf7+ Kxf7 26.Nxg5+ Ke8 27.Nxe4 Bxe4 28.
Rd1 Rc3 29.dxe5 Rxa3 30.e6 Bf5 31.Bxb6 axb6 32.Rxa3 Bxe6 33.f3 b5 34.Rb1 
Bc4 35.Rab3 Bxb3 36.Rxb3 b4 37.Kd2 Bc3+ 38.Rxc3 bxc3+ 39.Kxc3 Kf7 40.Kd4 1-0

[Event "15th Mikhail Chigorin Memorial"]
[Site "Sochi URS"]
[Date "1981.09.08"]
[Round "13"]
[Board "6"]
[White "Espig, Lutz"]
[Black "Tseshkovsky, Vitaly"]
[Result "0-1"]
[WhiteElo "2485"]
[BlackElo "2575"]
[EventDate "1981.08.22"]
[PlyCount "84"]

1.Nf3 c5 2.c4 Nf6 3.Nc3 e6 4.g3 b6 5.Bg2 Bb7 6.O-O Be7 7.b3 O-O 8.e3 d5 9.
Bb2 dxc4 10.bxc4 Nc6 11.Qe2 Na5 12.Rfd1 Rc8 13.d3 a6 14.Rab1 Bc6 15.Ba1 
Qc7 16.Qc2 Rfd8 17.e4 Nd7 18.Ne2 Bf6 19.Bxf6 Nxf6 20.Nf4 h6 21.Qc3 Ba4 22.
Rdc1 b5 23.cxb5 axb5 24.Ne1 Qa7 25.a3 c4 26.Qb2 Nb3 27.Rc3 Nc5 28.e5 Nd5 
29.Bxd5 exd5 30.dxc4 bxc4 31.Qe2 Bb3 32.Qg4 Qd7 33.e6 Nxe6 34.Nh5 Kh8 35.
Nd3 f5 36.Qxf5 Nd4 37.Qxd7 Rxd7 38.Kg2 Bc2 39.Rc1 Bxd3 40.Rxd3 Ne2 41.Rc2 
cxd3 42.Rxc8+ Kh7 0-1

[Event "15th Mikhail Chigorin Memorial"]
[Site "Sochi URS"]
[Date "1981.09.??"]
[Round "14"]
[Board "2"]
[White "Vaisser, Anatoly"]
[Black "Westerinen, Heikki"]
[Result "1-0"]
[WhiteElo "2385"]
[BlackElo "2425"]
[EventDate "1981.08.22"]
[PlyCount "117"]

1.c4 Nf6 2.Nc3 e6 3.Nf3 d5 4.d4 c6 5.Bg5 dxc4 6.e4 b5 7.e5 h6 8.Bh4 g5 9.
Nxg5 hxg5 10.Bxg5 Nbd7 11.g3 Qb6 12.exf6 c5 13.Bg2 Bb7 14.d5 O-O-O 15.O-O 
b4 16.Na4 Qa6 17.a3 b3 18.Nc3 Ne5 19.Qe2 Nd3 20.dxe6 Qxe6 21.Bxb7+ Kxb7 
22.Qxe6 fxe6 23.Rad1 Bd6 24.f7 Rd7 25.Bf6 Rf8 26.Ne4 Rfxf7 27.Nxd6+ Rxd6 
28.Bc3 e5 29.Rd2 Kc6 30.Re2 Rd5 31.Kg2 Kb5 32.h4 Rh7 33.Re3 Rd8 34.Rf3 a5 
35.Rf6 a4 36.Rh1 Rg8 37.Kf3 Rd8 38.Kg2 Rg8 39.Kh3 Rd8 40.Rf5 Rdh8 41.Kg2 
Re8 42.h5 Kc6 43.g4 Nf4+ 44.Rxf4 exf4 45.Kf3 Rg8 46.Kxf4 Kd5 47.f3 Rf8+ 
48.Kg3 Ke6 49.Re1+ Kf7 50.Re5 Rc8 51.Kh4 Kg8 52.Rg5+ Kf8 53.f4 Rc6 54.Rd5 
Re7 55.g5 Re3 56.h6 Rxc3 57.bxc3 Kf7 58.Rd8 Kg6 59.Kg4 1-0

[Event "15th Mikhail Chigorin Memorial"]
[Site "Sochi URS"]
[Date "1981.09.??"]
[Round "14"]
[Board "3"]
[White "Panchenko, Alexander"]
[Black "Lengyel, Levente"]
[Result "1-0"]
[WhiteElo "2530"]
[BlackElo "2400"]
[EventDate "1981.08.22"]
[PlyCount "63"]

1.Nf3 Nf6 2.c4 e6 3.g3 d5 4.b3 Be7 5.Bg2 O-O 6.O-O c5 7.Bb2 Nc6 8.e3 b6 9.
Nc3 Bb7 10.cxd5 Nxd5 11.Nxd5 Qxd5 12.d4 Rfd8 13.Ne5 Qd6 14.Qh5 g6 15.Qf3 
Nxe5 16.Qxb7 Nd3 17.dxc5 Nxc5 18.Qxa8 Rxa8 19.Bxa8 Qd2 20.Bd4 a5 21.Bf3 h5
22.Rfd1 Qc2 23.Rac1 Qf5 24.Be2 Bf6 25.Rxc5 e5 26.e4 Qxe4 27.Rc8+ Kg7 28.
Be3 Bg5 29.Bxg5 Qxe2 30.Rdd8 Qe1+ 31.Kg2 Qe4+ 32.f3 1-0

[Event "15th Mikhail Chigorin Memorial"]
[Site "Sochi URS"]
[Date "1981.09.??"]
[Round "14"]
[Board "5"]
[White "Tseshkovsky, Vitaly"]
[Black "Kharitonov, Andrei"]
[Result "0-1"]
[WhiteElo "2575"]
[BlackElo "2460"]
[EventDate "1981.08.22"]
[PlyCount "74"]

1.e4 c6 2.d4 d5 3.Nc3 dxe4 4.Nxe4 Nd7 5.Bc4 Ngf6 6.Ng5 e6 7.Qe2 Nb6 8.Bd3 
h6 9.N5f3 c5 10.dxc5 Bxc5 11.Ne5 Nbd7 12.Ngf3 Qc7 13.O-O O-O 14.Bf4 Bd6 
15.Nxd7 Bxd7 16.Bxd6 Qxd6 17.Rfd1 Qb6 18.c3 Rfd8 19.a4 Rac8 20.a5 Qc5 21.
Ne5 Be8 22.Rdc1 Rd5 23.Nf3 Rcd8 24.b4 Qc7 25.Bc2 Bc6 26.c4 R5d7 27.g3 Bxf3
28.Qxf3 Rd4 29.a6 bxa6 30.c5 Nd5 31.Rxa6 Nxb4 32.Raa1 Rd2 33.Bh7+ Kh8 34.
Bb1 Nc6 35.Qe4 g6 36.Qh4 Kg7 37.Qa4 Nd4 0-1

[Event "15th Mikhail Chigorin Memorial"]
[Site "Sochi URS"]
[Date "1981.09.11"]
[Round "15"]
[Board "3"]
[White "Polugaevsky, Lev"]
[Black "Vaisser, Anatoly"]
[Result "1-0"]
[WhiteElo "2610"]
[BlackElo "2385"]
[EventDate "1981.08.22"]
[PlyCount "109"]

1.d4 Nf6 2.c4 e6 3.g3 c5 4.d5 exd5 5.cxd5 d6 6.Nc3 g6 7.Bg2 Bg7 8.Nf3 O-O 
9.O-O a6 10.a4 Nbd7 11.Bf4 Qc7 12.e4 Re8 13.Qc2 Rb8 14.a5 Nh5 15.Be3 b5 
16.axb6 Nxb6 17.h3 h6 18.g4 Nf6 19.Nd2 Qe7 20.Rae1 a5 21.f4 Bxg4 22.e5 
dxe5 23.hxg4 Nxg4 24.f5 e4 25.f6 Bxf6 26.Ncxe4 Be5 27.Bxc5 Qh4 28.Nf3 Qh5 
29.Bd6 Nxd5 30.Bxe5 Nxe5 31.Nxe5 Rxe5 32.Qf2 Rf5 33.Qg3 Rxb2 34.Bf3 Rxf3 
35.Rxf3 a4 36.Rd3 Rb3 37.Rxb3 axb3 38.Qxb3 Qh4 39.Qg3 Qe7 40.Nd6 Qf6 41.
Qe5 Qf3 42.Ne4 Qg4+ 43.Kf2 Qh4+ 44.Kf3 h5 45.Nf2 Nf6 46.Qf4 Ng4 47.Re8+ 
Kg7 48.Qd4+ Qf6+ 49.Qxf6+ Nxf6 50.Re7 g5 51.Ne4 Ng8 52.Re8 f6 53.Ng3 h4 
54.Nf5+ Kg6 55.Kg4 1-0

[Event "15th Mikhail Chigorin Memorial"]
[Site "Sochi URS"]
[Date "1981.09.11"]
[Round "15"]
[Board "6"]
[White "Kharitonov, Andrei"]
[Black "Tseitlin, Mikhail"]
[Result "1/2-1/2"]
[WhiteElo "2460"]
[BlackElo "2500"]
[EventDate "1981.08.22"]
[PlyCount "99"]

1.d4 Nf6 2.c4 c5 3.d5 e6 4.Nc3 exd5 5.cxd5 d6 6.Nf3 g6 7.g3 Bg7 8.Bg2 O-O 
9.O-O a6 10.a4 Re8 11.Bf4 h6 12.Re1 g5 13.Bc1 Nbd7 14.Qc2 Rb8 15.Rb1 b5 
16.axb5 axb5 17.b4 cxb4 18.Rxb4 Qa5 19.Qb1 Nc5 20.Nd4 Bd7 21.Bd2 Na6 22.
Nd1 Nxb4 23.Bxb4 Qb6 24.Nf5 Bxf5 25.Qxf5 Qd4 26.Bxd6 Rbd8 27.Bc7 Rxd5 28.
Bxd5 Nxd5 29.Qd7 Nxc7 30.Qxc7 Rxe2 31.Qc8+ Bf8 32.Rf1 b4 33.Qb8 Kg7 34.Qb7
Bc5 35.Ne3 Qe5 36.Qf3 Ra2 37.Nf5+ Kg6 38.g4 Rxf2 39.Rxf2 Qe1+ 40.Kg2 Qxf2+
41.Qxf2 Bxf2 42.Kxf2 b3 43.Ne7+ Kf6 44.Nd5+ Ke5 45.Nc3 Kf4 46.h3 b2 47.Nb1
f5 48.gxf5 Kxf5 49.Kf3 h5 50.Nc3 1/2-1/2

[Event "15th Mikhail Chigorin Memorial"]
[Site "Sochi URS"]
[Date "1981.09.11"]
[Round "15"]
[Board "8"]
[White "Espig, Lutz"]
[Black "Pinter, Jozsef"]
[Result "1/2-1/2"]
[WhiteElo "2485"]
[BlackElo "2510"]
[EventDate "1981.08.22"]
[PlyCount "37"]

1.e4 c6 2.d4 d5 3.Nd2 dxe4 4.Nxe4 Nf6 5.Nxf6+ exf6 6.Bc4 Qe7+ 7.Qe2 Be6 8.
Bxe6 Qxe6 9.Bf4 Nd7 10.O-O-O Qxe2 11.Nxe2 Nb6 12.c3 O-O-O 13.Kc2 Bd6 14.
Bxd6 Rxd6 15.Rhe1 Re8 16.Nf4 Rxe1 17.Rxe1 g6 18.Re7 Rd7 19.Rxd7 1/2-1/2